| 000 | 00343nam a22001457a 4500 | ||
|---|---|---|---|
| 020 | _a0-387-98290-6 | ||
| 082 | _a512.02 LID | ||
| 100 |
_aLIDL, RUDOLF PILZ, GUNTER _976756 |
||
| 245 | _aAPPLIED ABSTRACT ALGEBRA | ||
| 250 | _a2ND | ||
| 260 |
_aNEWYORK _bSPRINGER _c1998 |
||
| 300 | _a486P | ||
| 650 |
_aALGEBRA,ABSTRACT _98420 |
||
| 942 | _cBK | ||
| 999 |
_c582093 _d582093 |
||